Ortografie un punktuatsie (Запись № 13414735)

Подробности
000 -МАРКЕР
контрольное поле 02046nam0a22003851 4500
001 - ИДЕНТИФИКАТОР ЗАПИСИ
контрольное поле RU\NLR\Evr\6052
005 - ИДЕНТИФИКАТОР ВЕРСИИ
контрольное поле 20251202160538.0
035 ## - ДРУГИЕ СИСТЕМНЫЕ НОМЕРА
Идентификатор записи (NLR Aleph) 011422433
100 ## - ДАННЫЕ ОБЩЕЙ ОБРАБОТКИ
Данные общей обработки 20130418d1941 u y0rusy50 ca
101 0# - ЯЗЫК РЕСУРСА
Язык текста, звукозаписи и т.д. идиш
102 ## - СТРАНА ПУБЛИКАЦИИ ИЛИ ПРОИЗВОДСТВА
Страна публикации украина
105 ## - ПОЛЕ КОДИРОВАННЫХ ДАННЫХ: ТЕКСТОВЫЕ МАТЕРИАЛЫ, МОНОГРАФИЧЕСКИЕ
Кодированные данные о монографическом текстовом документе y |||||||||
200 1# - ЗАГЛАВИЕ И СВЕДЕНИЯ ОБ ОТВЕТСТВЕННОСТИ
Связь между полями a01
Графика поля Латинская
Основное заглавие Ortografie un punktuatsie
Сведения, относящиеся к заглавию Zamlung klolim un genitungen
-- Hilfsbukh far der mitlshul
Первые сведения об ответственности M. Maydanski, M. Shapiro
210 ## - ПУБЛИКАЦИЯ, РАСПРОСТРАНЕНИЕ И ДР.
Связь между полями a01
Место издания, распространения и т.д. Kiev
Имя издателя, распространителя и т. д. Melukhe-farlag far di natsionale minderheytn in USSR
Дата издания, распространения и т.д. 1941
Графика поля Латинская
210 ## - ПУБЛИКАЦИЯ, РАСПРОСТРАНЕНИЕ И ДР.
Связь между полями a01
-- z02
Место издания, распространения и т.д. קיעוו
Имя издателя, распространителя и т. д. מעלוכע-פארלאג פאר די נאציאָנאלע מינדערהייטנ אינ אוססר
Дата издания, распространения и т.д. 1941
210 ## - ПУБЛИКАЦИЯ, РАСПРОСТРАНЕНИЕ И ДР.
-- z02
Место издания, распространения и т.д. Киев
Имя издателя, распространителя и т. д. Государственное издательство национальных меньшинств в УССР
Дата издания, распространения и т.д. 1941
Графика поля Кириллица
215 ## - ФИЗИЧЕСКАЯ ХАРАКТЕРИСТИКА
Специфическое обозначение материала и объем 152 с.
Размеры 21 см.
510 1# - ПАРАЛЛЕЛЬНОЕ ЗАГЛАВИЕ
Связь между полями a01
Параллельное заглавие אָרטאָגראפיע אונ פּונטואציע
Сведения, относящиеся к заглавию זאמלונג קלאָלים אונ געניטונגענ
-- הילפסבוכ פאר דער מיטלשול
-- מ.מיידאנסקי, מ. שאפּיראָ
510 1# - ПАРАЛЛЕЛЬНОЕ ЗАГЛАВИЕ
Параллельное заглавие Орфографiя й пунктуацiя
Язык заглавия украинский
517 1# - ДРУГИЕ ВАРИАНТЫ ЗАГЛАВИЯ
Вариант заглавия Ортографiя й пунктуацiя
Сведения, относящиеся к заглавию Збiрник вправ для середньої школи
Язык заглавия украинский
541 1# - ПЕРЕВОД ЗАГЛАВИЯ, СДЕЛАННЫЙ КАТАЛОГИЗАТОРОМ
Заглавие Орфография и пунктуация
Сведения, относящиеся к заглавию Сборник правил и упражнений
-- Вспомогательная книга для средней школы
Язык заглавия русский
700 #1 - ИМЯ ЛИЦА - ПЕРВИЧНАЯ ОТВЕТСТВЕННОСТЬ
Связь между полями a01
Начальный элемент ввода Майданский
Часть имени, кроме начального элемента ввода М.Н.
Даты 1899-1973
Расширение инициалов личного имени Моисей Нояхович
Идентификатор авторитетной/нормативной записи RU\NLR\AUTH\7950680
Код отношения Автор
Графика поля Кириллица
701 #1 - ИМЯ ЛИЦА - АЛЬТЕРНАТИВНАЯ ОТВЕТСТВЕННОСТЬ
Начальный элемент ввода Шапиро
Часть имени, кроме начального элемента ввода М.
Даты 1899-1973
Расширение инициалов личного имени Мойше
Идентификатор авторитетной/нормативной записи RU\NLR\AUTH\7949204
Код отношения Автор
Графика поля Кириллица
801 #0 - ИСТОЧНИК ЗАПИСИ
Страна российская федерация
Организация NLR
Дата составления 20130418
Правила каталогизации psbo
801 #0 - ИСТОЧНИК ЗАПИСИ
Страна российская федерация
Организация NLR
Правила каталогизации PSBO
801 #1 - ИСТОЧНИК ЗАПИСИ
Страна российская федерация
Организация NLR
Дата составления 20130418
Источник данных rusmarc
801 #2 - ИСТОЧНИК ЗАПИСИ
Страна российская федерация
Организация NLR
Дата составления 20130418
Источник данных rusmarc
852 ## - МЕСТОНАХОЖДЕНИЕ И ШИФР ХРАНЕНИЯ
Идентификатор организации NLR
Наименование фонда или коллекции (Sub-Location Identifier) ОЛСАА/идиш
Шифр хранения (Call Number) 3-18
942 ## - ДОПОЛНИТЕЛЬНЫЕ ЭЛЕМЕНТЫ ЗАПИСИ (АБИС)
Тип экземпляра АБИС Книга
945 ## - Информацию об издании предоставили:
Полное название организации, предоставившей материал Российская национальная библиотека
980 ## - КОЛЛЕКЦИЯ
Название коллекции Национальная библиография
980 ## - КОЛЛЕКЦИЯ
Название коллекции Библиография Победы
980 1# - КОЛЛЕКЦИЯ
Название коллекции Издания на идише из фонда ОЛСАА

Нет доступных экземпляров.